|
|
|
|
| LEADER |
01061cam a2200277 7i4500 |
| 001 |
0000082003 |
| 005 |
20240402090000.0 |
| 020 |
|
|
|a 9781003265597 (electronic book)
|
| 090 |
0 |
0 |
|a TP339
|b .B56 2023
|
| 245 |
0 |
0 |
|a Biowaste and biomass in biofuel applications
|c edited by Yashvir Singh, Vladimir Strezov and Prateek Negi.
|
| 264 |
|
|
|a Boca Raton, FL:
|b CRC Press,
|c 2023.
|
| 300 |
|
|
|a 1 online resource (xi, 300 pages):
|b illustrations, text file, PDF.
|
| 336 |
|
|
|a text
|2 rdacontent
|
| 337 |
|
|
|a computer
|2 rdamedia
|
| 338 |
|
|
|a online resource
|2 rdacarrier
|
| 490 |
0 |
|
|a Mathematical engineering, manufacturing, and management sciences
|
| 650 |
|
0 |
|a Alternative fuels
|
| 650 |
|
0 |
|a Biomass energy
|
| 655 |
|
0 |
|a Electronic books
|
| 700 |
1 |
|
|a Singh, Yashvir
|
| 700 |
1 |
|
|a Strezov, Vladimir
|
| 700 |
1 |
|
|a Negi, Prateek
|
| 856 |
4 |
2 |
|u http://library.unisel.edu.my/web/guest/mylibrary
|
| 997 |
|
|
|a Engineering & Life Sciences, Faculty
|b Engineering, Department
|
| 998 |
|
|
|a Civil Engineering, Degree
|
| 999 |
|
|
|a EBO0022815
|b EBOOK
|c EBOOK
|e Electronic resources
|